Fytomasa ako chemická surovina
Guardado en:
| Autores principales: | , |
|---|---|
| Otros Autores: | , , , |
| Formato: | Libro |
| Lenguaje: | eslovaco |
| Publicado: |
Bratislava
Veda
1985
|
| Edición: | 1. vyd. |
| Materias: | |
| Acceso en línea: | Ver en el OPAC |
| Etiquetas: |
Sin Etiquetas, Sea el primero en etiquetar este registro!
|
MARC
| LEADER | 00000nam a2200000 a 4500 | ||
|---|---|---|---|
| 005 | 20260127134247.0 | ||
| 008 | 180815s1985 xo 0 slo | ||
| 015 | |a SNBA1985/07 | ||
| 020 | |c 57 Kčs. (600 výtl.) | ||
| 035 | |a vtls001094937 | ||
| 035 | |a SNK000037779 | ||
| 039 | 9 | |a 201808151658 |b VLOAD |c 201808141823 |d VLOAD |c 201808141823 |d VLOAD |c 201808141823 |d VLOAD |y 200412241141 |z VLOAD | |
| 040 | |a SNK |b slo |c SNK |d STUSCHK1 |e AACR2 | ||
| 041 | 0 | |a slo | |
| 044 | |a xo |c SK | ||
| 080 | |a 54:581.6 |2 1981 | ||
| 080 | |a 581.6 |2 1981 | ||
| 080 | |a 54 |2 1981 | ||
| 100 | 1 | |a Blažej, Anton, |d 1927-2013 |9 905 | |
| 245 | 0 | |a Fytomasa ako chemická surovina |c Anton Blažej, Martin Košík ; Věra Michlíková, Jozef Szabó, Tamara Harcegová, Jarmila Macherová | |
| 250 | |a 1. vyd. | ||
| 260 | |a Bratislava |b Veda |c 1985 |e Bratislava |f Svornosť | ||
| 300 | |a 404 s., 31,60 AH |b Sch. |c 24 cm | ||
| 500 | |a Lit. 1125. Reg. Zozn. lit. citácií. 1125 zázn. v slov., češ., ruš., angl. a nem. | ||
| 650 | 0 | 7 | |a [BK] |2 SNK |
| 700 | 1 | |a Košík, Martin |4 aut | |
| 700 | 1 | |a Michlíková, Věra |4 gup | |
| 700 | 1 | |a Szabó, Jozef |4 gup |9 692 | |
| 700 | 1 | |a Harcegová, Tamara |4 gup |9 415 | |
| 700 | 1 | |a Macherová, Jarmila |4 gup | |
| 910 | |a SCHK95 | ||
| 954 | |a fytomasa |x využitie |a priemysel chemický |x monografie | ||
| 958 | |a OND | ||
| 958 | |a NB | ||
| 958 | |a TL | ||
| 999 | |c 8120 |d 8120 | ||